Statistics for I give team, you give city. (Europe, hard)

Click here to take the quiz!

General Stats

  • This quiz has been taken 128 times
  • The average score is 22 of 40

Answer Stats

Team/nicknameCity% Correct
BarçaBarcelona
99%
QPRLondon
94%
WolvesWolverhampton
87%
Real BetisSeville
79%
BSC Young BoysBern
77%
BVBDortmund
77%
HJKHelsinki
77%
Stolz von LiechtensteinVaduz
75%
Crvena zvezdaBelgrade
74%
St Patrick's AthleticDublin
74%
Notts CountyNottingham
71%
Wisła (Biała Gwiazda)Kraków
70%
Atalanta B.C.Bergamo
68%
Les GirondinsBordeaux
65%
BATEBorisov or Barysaw
65%
Knattspyrnufélagið VíkingurReykjavík
64%
Dinamo (Câinii roșii)Bucharest
63%
FC St. PauliHamburg
63%
Les MonégasquesMonaco
63%
Zenitchiki (Зенит)St. Petersburg
62%
Der FCBMunich
58%
LASKLinz
52%
BSC Old BoysBasel
51%
AaBAalborg
50%
Clwb Pêl-droed Prifysgol Met CaerdyddCardiff
50%
Il ToroTurin
48%
Himmelsblått (MFF)Malmö
46%
RosenborgTrondheim
41%
Cliftonville Football & Athletic ClubBelfast
40%
Die roten Teufel (1.FCK)Kaiserslautern
40%
Kauno ŽalgirisKaunas
39%
Nõmme KaljuTallinn
36%
De Buffalo's (K.A.A.G...)Ghent
33%
LudogoretsRazgrad
30%
Los CheValencia
30%
Europa Point FCGibraltar
29%
Les GonesLyon
25%
JagielloniaBiałystok
19%
Durrësakët (FK Teuta)Durrës
18%
SPALFerrara
18%

Score Distribution

Percentile by Number Answered

Percent of People with Each Score

Your Score History

You have not taken this quiz